Central Library OPAC University of Rajshahi

Introductory statistics / (Record no. 51686)

MARC details
000 -LEADER
fixed length control field 00732nam a2200253 a 4500
001 - CONTROL NUMBER
control field 51686
003 - CONTROL NUMBER IDENTIFIER
rucl marc code BD-RjUL
005 - DATE AND TIME OF LATEST TRANSACTION
control field 20211209075711.0
008 - FIXED-LENGTH DATA ELEMENTS--GENERAL INFORMATION
fixed length control field 160901s1982 caua 001 0 eng d
020 ## - INTERNATIONAL STANDARD BOOK NUMBER
International Standard Book Number 0201095076
035 ## - SYSTEM CONTROL NUMBER
System control number (BD-RjUL)51806
040 ## - CATALOGING SOURCE
Original cataloging agency MYG
Transcribing agency MYG
Language of cataloging eng
Modifying agency BD-RjUL
041 ## - LANGUAGE CODE
Language code of text/sound track or separate title eng
082 ## - DEWEY DECIMAL CLASSIFICATION NUMBER
Edition number 23
Classification number 519
Author mark and year WEI 1982
100 1# - MAIN ENTRY--PERSONAL NAME
Personal name Weiss, N. A.
Fuller form of name (Neil A.)
9 (RLIN) 154515
245 10 - TITLE STATEMENT
Title Introductory statistics /
Statement of responsibility, etc. Neil Weiss, Matthew Hassett.
260 ## - PUBLICATION, DISTRIBUTION, ETC. (IMPRINT)
Place of publication, distribution, etc. Reading, Mass. :
Name of publisher, distributor, etc. Addison-Wesley Pub. Co.,
Date of publication, distribution, etc. c1982
300 ## - PHYSICAL DESCRIPTION
Pagination xii, 651, p. :
Illustrations ill. ;
Size 25 cm.
500 ## - GENERAL NOTE
General note Includes index.
650 #0 - SUBJECT ADDED ENTRY--TOPICAL TERM
Topical term or geographic name as entry element Statistics.
9 (RLIN) 154516
700 1# - ADDED ENTRY--PERSONAL NAME
Personal name Hassett, Matthew J.
942 ## - ADDED ENTRY ELEMENTS (KOHA)
Source of classification or shelving scheme Dewey Decimal Classification
Koha item type Books
949 ## - LOCAL PROCESSING INFORMATION (OCLC)
a MYGR
b 39080005688087
Holdings
Lost status Source of classification or shelving scheme Damaged status Not for loan Collection code Permanent Location Current Location Shelving location Date acquired Source of acquisition Total Checkouts Full call number Date last seen Copy number Koha item type
  Dewey Decimal Classification     Non-fiction Central Library, University of Rajshahi Central Library, University of Rajshahi   08/09/1988 Asia foundation   519.5 WEI 1982 01/09/2016 C-2 Books